| 000 | 01711nam a2200325 a 4500 | ||
|---|---|---|---|
| 001 | BRCA_5189 | ||
| 005 | 20190320204957.0 | ||
| 008 | 241110s1827----mx-######v---#000-0#spa-# | ||
| 041 | _aspa | ||
| 044 | _amx | ||
| 084 |
_aDOC146 _b.T67 _c1827 |
||
| 100 | 1 |
_aTorreblanca, Antonio _913279 |
|
| 245 | 1 | 0 |
_aDocumento expedido por Antonio Torreblanca _cAntonio Torreblanca, José Anzave, Ignacio Fernández. |
| 260 |
_aMéxico _c1827 |
||
| 300 |
_a[16] fojas _c32 x 23 cm |
||
| 500 | _aDocumento firmado el 29 de noviembre de 1827 por Antonio Torreblanca y José Anzave | ||
| 500 | _aExpediente sobre los pleitos y dificultades entre los presos en el interior de la carcel. Antonio Torreblanca, preso se queja ante el Alcalde del ataque de que fué víctima por parte del reo Ignacio Fernández. Adjunto, varias declaraciones de otros reos | ||
| 500 | _aEl documento contiene la leyenda DOC. #314 | ||
| 500 | _aPapel con marca de agua | ||
| 500 | _aEn la parte superior sello con escudo Nacional e inscripción que dice: SELLO CUARTO. UNA CUARTILLA. PARA LOS AÑOS DE MIL OCHOCIENTOS VEINTE Y SEIS Y OCHOCIENTOS VEINTE Y SIETE | ||
| 500 | _aEstado de conservación: contiene manchas de acido, márgenes maltratados, fojas cocidas | ||
| 506 | 0 | _aFondo reservado: para su consulta es necesario credencial de usuario y carta de motivos | |
| 546 | _aTexto en: español de principios del siglo XIX | ||
| 600 | 1 | 4 |
_aTorreblanca, Antonio _cPreso _913280 |
| 650 | 1 | 4 |
_aDocumentos legales _vImpreso con rúbricas _xHistoria _yFederalismo y centralismo, 1824-1853 _zMéxico _913281 |
| 700 | 1 |
_aFernández, Ignacio _cPreso _913282 |
|
| 700 | 1 |
_aAnzave, José _cLicenciado _913283 |
|
| 902 | _aFDH | ||
| 942 |
_2lcc _cD |
||
| 999 |
_c4883 _d4883 |
||